Renovación urbana en el barrio Jorge Dimitrov
Presenta una propuesta basada en la realidad del país y de la ciudad de Managua, del Barrio Jorge Dimitrov donde se aborda el desarrollo urbano y eficiente, priorizando el problema vivienda y además tomando en cuenta las necesidades de infraestructura, equipamiento y servicios municipales, especia...
| Main Author: | |
|---|---|
| Other Authors: | |
| Format: | Tesis Section = Libro |
| Language: | Undetermined Spanish |
| Published: |
Managua
UNI
1995
|
| Subjects: |
| LEADER | 01117nam a2200217Ia 4500 | ||
|---|---|---|---|
| 008 | 240830s9999 xx 000 0 und d | ||
| 040 | |a BIBLIOTECA-RUSB/ Mon 711 V181 | ||
| 041 | |a spa | ||
| 082 | |a Mon 711 V181 | ||
| 100 | 1 | |a Vallecillo Quiroz, Mireya Ivette | |
| 245 | 1 | 0 | |a Renovación urbana en el barrio Jorge Dimitrov |
| 260 | |a Managua |b UNI |c 1995 | ||
| 300 | |a 144 p. :il. | ||
| 502 | |a Tesis (Arquitecto) - UNI, 1995. | ||
| 520 | 3 | |a Presenta una propuesta basada en la realidad del país y de la ciudad de Managua, del Barrio Jorge Dimitrov donde se aborda el desarrollo urbano y eficiente, priorizando el problema vivienda y además tomando en cuenta las necesidades de infraestructura, equipamiento y servicios municipales, especialmente en los sectores que han tenido aumento de asentamiento ilegales y por ende mayor índice de pobreza, todo esto con el fin de proporcionar la convivencia y el bienestar de la comunidad. | |
| 650 | 7 | |a URBANISMO PLANIFICACION DEL ESPACIO | |
| 650 | 7 | |b URBANIZACION PRECARIA | |
| 700 | 1 | |a Tutor: |b Morales Alonso, Fernando | |
| 942 | |c BK |2 ddc | ||
| 991 | |a TESIS | ||
| 999 | |c 20852 | ||